Indian crumb rubber not upto world mark (Record no. 52149)

MARC details
000 -LEADER
fixed length control field 00335nam a2200133Ia 4500
100 ## - MAIN ENTRY--AUTHOR NAME
Personal name George C.M.
245 #0 - TITLE STATEMENT
Title Indian crumb rubber not upto world mark
260 ## - PUBLICATION, DISTRIBUTION, ETC. (IMPRINT)
Name of publisher Rubber Asia
Year of publication 1995
300 ## - PHYSICAL DESCRIPTION
Number of Pages 43-55
650 ## - SUBJECT ADDED ENTRY--TOPICAL TERM
Topical Term Crumb rubber
650 ## - SUBJECT ADDED ENTRY--TOPICAL TERM
Topical Term Indian rubber industry
942 ## - ADDED ENTRY ELEMENTS (KOHA)
Koha item type Bibliography STAF
Holdings
Withdrawn status Lost status Damaged status Not for loan Home library Current library Date acquired Serial Enumeration / chronology Koha item type
      Bibliography RRII Library RRII Library 09/04/2014 Volume 9, Issue 4 Bibliography STAF